{"text_format":"3","workbook":"xlsx","n_sheets":1,"sheets":["Протокол ШЭ ВОШ по предмету"],"not_rendered":{"defined_names":1},"read":"whole","date_system":"1900"}

{"sheet":"Протокол ШЭ ВОШ по предмету","index":0,"n_rows":20,"n_cols":15,"rows_kept":20}
["№","Фамилия","Имя","Отчество","Дата рождения","Пол","Участник с ОВЗ (да/нет)","Класс обучения","Класс участия","Балл","Максимальный балл","Статус","Призёр муниципального этапа прошлого года","ФИО учителя","Место работы учителя"]
[1,"Муртазин","Сайдаш","Маратович","2009-01-05","М","нет",7,7,86,100,"победитель","                  нет","Петров Ринат Викторович","МБОУ \"Лицей-интернат №24\"НМР РТ"]
[2,"Бердников","Ярослав","Евгеньевич","2009-09-19","М","нет",7,7,63,100,"призер","                  нет","Петров Ринат Викторович","МБОУ \"Лицей-интернат №24\"НМР РТ"]
[3,"Сычев","Дмитрий","Анатольевич","2009-05-05","М","нет",7,7,47,100,"             участник","                  нет","Петров Ринат Викторович","МБОУ \"Лицей-интернат №24\"НМР РТ"]
[4,"Никонов","Михаил","Алексеевич","2009-01-17","М","нет",7,7,45,100,"             участник","                  нет","Петров Ринат Викторович","МБОУ \"Лицей-интернат №24\"НМР РТ"]
[5,"Акулинин","Александр","Сергеевич","2008-12-24","М","нет",8,8,71,100,"призер","                  нет","Петров Ринат Викторович","МБОУ \"Лицей-интернат №24\"НМР РТ"]
[6,"Фатыхов","Камиль","Ленрович","2008-02-25","М","нет",8,8,45,100,"             участник","                  нет","Петров Ринат Викторович","МБОУ \"Лицей-интернат №24\"НМР РТ"]
[7,"Насибуллин","Карим","Маратович","2007-08-14","М","нет",9,9,66,100,"призер","                  нет","Петров Ринат Викторович","МБОУ \"Лицей-интернат №24\"НМР РТ"]
[8,"Хакимуллин","Ислам","Ильдарович","2007-03-27","М","нет",9,9,65,100,"призер","                  нет","Петров Ринат Викторович","МБОУ \"Лицей-интернат №24\"НМР РТ"]
[9,"Хамидуллин","Райнур","Ренатович","     05.12.2006","М","нет",9,9,49,100,"             участник","                  нет","Петров Ринат Викторович","МБОУ \"Лицей-интернат №24\"НМР РТ"]
[10,"Андреев","Валерий","Вячеславович","26.032007","М","нет",9,9,45,100,"            участник","                  нет","Петров Ринат Викторович","МБОУ \"Лицей-интернат №24\"НМР РТ"]
[11,"Амирханов","Булат","Данифович","2007-12-01","М","нет",9,9,44,100,"            участник","                  нет","Петров Ринат Викторович","МБОУ \"Лицей-интернат №24\"НМР РТ"]
[12,"Окунев","Павел","Олегович","2006-09-27","М","нет",10,10,89,100,"победитель","                  нет","Петров Ринат Викторович","МБОУ \"Лицей-интернат №24\"НМР РТ"]
[13,"Ситдиков","Динар","Раилевич","2006-07-24","М","нет",10,10,73,100,"призер","                  нет","Петров Ринат Викторович","МБОУ \"Лицей-интернат №24\"НМР РТ"]
[14,"Зейтулаев ","Яхъя","Ибраим огълу","2007-03-02","М","нет",10,10,72,100,"призер","                  нет","Петров Ринат Викторович","МБОУ \"Лицей-интернат №24\"НМР РТ"]
[15,"Садыков","Артур","Русланович","2006-05-25","М","нет",10,10,50,100,"участник","                  нет","Петров Ринат Викторович","МБОУ \"Лицей-интернат №24\"НМР РТ"]
[16,"Ашрапов","Мухаммад","Ильгизович","2006-09-10","М","нет",10,10,49,100,"участник","                  нет","Петров Ринат Викторович","МБОУ \"Лицей-интернат №24\"НМР РТ"]
[17,"Ахмедшин","Айнур","Ильшатович","2006-07-31","М","нет",10,10,45,100,"участник","                  нет","Петров Ринат Викторович","МБОУ \"Лицей-интернат №24\"НМР РТ"]
[18,"Латыпов","Савелий","Станиславович","2005-11-08","М","нет",11,11,49,100,"участник","                  нет","Петров Ринат Викторович","МБОУ \"Лицей-интернат №24\"НМР РТ"]
[19,"Исхаков","Камиль","Рустемович","2004-11-27","М","нет",11,11,48,100,"участник","                  нет","Петров Ринат Викторович","МБОУ \"Лицей-интернат №24\"НМР РТ"]